000 00311nam a22001217a 4500
008 230703b xxu||||| |||| 00| 0 eng d
082 _a342.16
_bI618 1998
245 _aConstitutional & Parliamentary Information
260 _bInterparliamentary Union
_c1998
300 _a201p
440 _n176
942 _2ddc
_cBK
999 _c3211
_d3211